header

Relaxation, meditation, and mindfulness (Record no. 24912)

MARC details
000 -LEADER
fixed length control field 01169nam a22003134a 4500
082 04 - DEWEY DECIMAL CLASSIFICATION NUMBER
Classification number 613.7/92
100 1# - MAIN ENTRY--AUTHOR NAME
Personal name Smith, Jonathan C.
245 10 - TITLE STATEMENT
Title Relaxation, meditation, and mindfulness
260 ## - PUBLICATION, DISTRIBUTION, ETC. (IMPRINT)
Place of publication New York :
Name of publisher Springer Pub. Co.,
Year of publication c2005.
300 ## - PHYSICAL DESCRIPTION
Number of Pages ix, 368 p.
650 #0 - SUBJECT ADDED ENTRY--TOPICAL TERM
Topical Term Relaxation.
Topical Term Meditation.
Topical Term Attention.
856 40 - ELECTRONIC LOCATION AND ACCESS
Uniform Resource Identifier http://site.ebrary.com/lib/rucke/Doc?id=10265596

No items available.

© 2026 Rongo University
Contact us: librarian | system librarian | Rongo university